|
|
|
|
| LEADER |
00000nam a2200000Ia 4500 |
| 008 |
161212b2007 cl ||||| |||| 00| | spa d |
| 999 |
|
|
|c 506
|d 506
|
| 020 |
|
|
|a 9789568589134
|
| 090 |
|
|
|a 06.03.06
|b 1328
|
| 100 |
1 |
|
|a Cueto, Santiago
|9 2212
|
| 245 |
1 |
0 |
|a Reformas pendientes en la educación secundaria /
|c Santiago Cueto, editor
|
| 260 |
|
|
|a Santiago, Chile :
|b Fondo de Investigaciones Educativas,
|c 2007
|
| 300 |
|
|
|a 482 páginas
|
| 650 |
1 |
4 |
|a EDUCACIÓN SECUNDARIA
|9 456
|
| 650 |
1 |
4 |
|a REFORMA DE LA EDUCACIÓN
|9 7
|
| 650 |
1 |
4 |
|a OPORTUNIDADES DE EDUCACIÓN
|9 787
|
| 650 |
1 |
4 |
|a POLÍTICA EDUCATIVA
|9 451
|
| 651 |
0 |
4 |
|a AMÉRICA LATINA
|9 273
|
| 942 |
|
|
|i 002463
|h 06.03.06 1328
|2 z
|c 01
|